Central Library OPAC University of Rajshahi

Law of hurt & homicide, along with causing of miscarriage, injuries to unborn children, of the exposure of infants, etc., and Medical termination of pregnancy act, 1971 / (Record no. 46571)

MARC details
000 -LEADER
fixed length control field 01067cam a2200265 i 4500
001 - CONTROL NUMBER
control field 46571
003 - CONTROL NUMBER IDENTIFIER
rucl marc code BD-RjUL
005 - DATE AND TIME OF LATEST TRANSACTION
control field 20211209054155.0
008 - FIXED-LENGTH DATA ELEMENTS--GENERAL INFORMATION
fixed length control field 160803s1973 ii b 001 0 eng
035 ## - SYSTEM CONTROL NUMBER
System control number (BD-RjUL)46690
040 ## - CATALOGING SOURCE
Original cataloging agency DLC
Transcribing agency DLC
Modifying agency DLC
Language of cataloging eng
041 ## - LANGUAGE CODE
Language code of text/sound track or separate title eng
082 00 - DEWEY DECIMAL CLASSIFICATION NUMBER
Classification number 345.54025
Author mark and year GOL 1973
100 1# - MAIN ENTRY--PERSONAL NAME
Personal name Gour, Hari Singh,
Dates associated with a name 1869-1949.
9 (RLIN) 142061
245 10 - TITLE STATEMENT
Title Law of hurt & homicide, along with causing of miscarriage, injuries to unborn children, of the exposure of infants, etc., and Medical termination of pregnancy act, 1971 /
Statement of responsibility, etc. by Sir Hari Singh Gour ; revised by M. C. Desai ... [et al.].
260 ## - PUBLICATION, DISTRIBUTION, ETC. (IMPRINT)
Place of publication, distribution, etc. Allahabad :
Name of publisher, distributor, etc. Delhi Law House,
Date of publication, distribution, etc. 1973
300 ## - PHYSICAL DESCRIPTION
Pagination xiv, 743 p. ;
Size 24 cm.
504 ## - BIBLIOGRAPHY, ETC. NOTE
Bibliography, etc Includes bibliographical references and index.
650 #0 - SUBJECT ADDED ENTRY--TOPICAL TERM
Topical term or geographic name as entry element Homicide
Geographic subdivision India.
9 (RLIN) 141056
Topical term or geographic name as entry element Assault and battery
Geographic subdivision India.
9 (RLIN) 141057
700 1# - ADDED ENTRY--PERSONAL NAME
Personal name Desai, M. C.
710 12 - ADDED ENTRY--CORPORATE NAME
Corporate name or jurisdiction name as entry element India (Republic).
Form subheading Laws, statutes, etc.
Title of a work Medical termination of pregnancy act, 1971. 1974.
9 (RLIN) 142063
942 ## - ADDED ENTRY ELEMENTS (KOHA)
Source of classification or shelving scheme Dewey Decimal Classification
Koha item type Books
Holdings
Lost status Source of classification or shelving scheme Damaged status Not for loan Collection code Permanent Location Current Location Shelving location Date acquired Source of acquisition Cost, normal purchase price Total Checkouts Full call number Date last seen Copy number Koha item type
  Dewey Decimal Classification     Non-fiction Central Library, University of Rajshahi Central Library, University of Rajshahi   11/02/1974 Warri Book Centre 56.00   345.54025 GOL 1973 03/08/2016 C-2 Books
  Dewey Decimal Classification     Non-fiction Central Library, University of Rajshahi Central Library, University of Rajshahi   11/02/1974 Warri Book Centre 56.00   345.54025 GOL 1973 03/08/2016 C-3 Books